1451 1973 1671 1863 1361 1697 1874 1309 1598 1517 1486 1167 1333 1834 1061 1779 1328 1428 1603 1240 1309 1592 1846 1236 1928 1724 1720 1397 1262 1467 1110 1836 1998 1437 1554 1565 1615 1045 1057 1905 1035 1399 1519 1808 1026 1104 1521 1576 1203 1120 1691 1621 1842 1767 1949 1885 1299 1739 1080 1599 1822 1244 1643 1862 1833 1604 1667 1831 1891 1408 1269 1823 1577 1387 1107 1765 1689 1271 1830 1177 1115 1186 1005 1290 1615 1735 1991 1452 1117 1225 1826 1153 1000 1847 1558 1492 1805 1455 1696 BCNSPRNW ULIB Ver.6.0+V

เปลี่ยนเป็นภาษาไทย

Change to English
 แสดงรายละเอียดบรรณานุกรม
  กลับหน้าหลัก

Brief Record : Get Marc (ISO 2709) : E-mail record : QR code < ปิดหน้าต่าง
LEADER : 00000nam 2200000uu 4500
001    13399121538
003     ULIB
008    121122s2553||||th 000 0 tha d
020    ^a9786165070126
060 04 ^aWZ40^bธ647ป
100 0  ^aธีรวัฒน์ บูระวัฒน์
245 10 ^aประวัติศาสตร์ทางการแพทย์ :^bตอนการค้นพบที่ยิ่งใหญ่ /^cเรียบเรียงโดย ธีรวัฒน์ บูระวัฒน์
250    ^aพิมพ์ครั้งที่ 1
260    ^aกรุงเทพฯ :^bหมอชาวบ้าน,^c2553
300    ^a(12), 250 หน้า :^bภาพประกอบ ;^c25 ซม.
650  7 ^aการแพทย์^xประวัติ
650  7 ^aประวัติการแพทย์
945    ^p170^l0^i16978
945    ^p170^l0^i16979
995    ^aวิภา
999 ^a ใช้งานได้ทุกระบบ
รายการนี้ยังไม่มีแท็ก
คุณยังไม่ได้ล็อกอิน คุณสามารถมีกิจกรรมร่วมกับเว็บไซต์ได้ แต่ต้องล็อกอินก่อน ::
  ล็อกอิน

รายการสื่อสารสนเทศ

ลำดับที่ ประเภท เลขเรียก/บาร์โค้ด สถานที่ สถานะ
1. วิทยาศาสตร์การแพทย์ และสุขภาพ
วิทยาศาสตร์การแพทย์ และสุขภาพ
WZ40 ธ647ป  
  Barcode: 16978
ห้องสมุดวิทยาเขตนครสวรรค์
►ส่วนจัดเก็บหนังสือเก่า นว.
บนชั้น
  ขอยืม
2. วิทยาศาสตร์การแพทย์ และสุขภาพ
วิทยาศาสตร์การแพทย์ และสุขภาพ
WZ40 ธ647ป ฉ.2 
  Barcode: 16979
ห้องสมุดวิทยาเขตนครสวรรค์
►ส่วนจัดเก็บหนังสือเก่า นว.
บนชั้น
  ขอยืม

รายการใกล้เคียง
    ผู้แต่ง [ธีรวัฒน์ บูระวัฒน์]

    หัวเรื่อง [ประวัติการแพทย์]

BibComment


ยังไม่เคยถูกคอมเมนท์

คอมเมนท์ทรัพยากรรายการนี้
  คอมเมนท์: ประวัติศาสตร์ทาง..


 Copyright 2026. Bcnsprnw @Library